LEADER 01113nam a2200289 i 4500 001 991001269849707536 005 20020502190003.0 008 991006s1997 it ||| | ita 020 $a8882190439 035 $ab11488190-39ule_inst 035 $aPRUMB57889$9ExL 040 $aDUSS - Diploma Universitario in Servizio Sociale$bita 082 0 $a616.8583690651 100 1 $aAinscough, Carolyn$0527463 245 10$aLiberarsi :$badulti che hanno subito abusi sessuali nell'infanzia /$cCarolyn Ainscough, Kay Toon 260 $aBologna :$bCalderini,$c1997 300 $aXV, 365 p. ;$c21 cm. 440 3$aIl lago ;$v17 500 $aTrad. di Paola Vitale. 650 4$aVittime di violenza sessuale$xPsicoterapia 700 1 $aToon, Kay$eauthor$4http://id.loc.gov/vocabulary/relators/aut$0734928 907 $a.b11488190$b12-10-12$c01-07-02 912 $a991001269849707536 945 $aLE024 SS/A I 33$g1$i2024000017521$lle021$nex DUSS$o-$pE0.00$q-$rl$s- $t0$u3$v1$w3$x0$y.i11680040$z01-07-02 996 $aLiberarsi$91451546 997 $aUNISALENTO 998 $ale021$b01-01-99$cm$da $e-$fita$git $h0$i1 LEADER 02592oam 2200481 450 001 9910830885603321 005 20190911100039.0 010 $a1-119-20820-3 010 $a1-118-45416-2 010 $a1-299-24240-5 010 $a1-118-45417-0 035 $a(OCoLC)822229971 035 $a(MiFhGG)GVRL8FIU 035 $a(EXLCZ)992670000000337069 100 $a20121214d2013 uy 0 101 0 $aeng 135 $aurun|---uuuua 181 $ctxt 182 $cc 183 $acr$2rdacarrier 200 10$aAudit and assurance $eessentials for professional accountancy exams /$fKatharine Bagshaw 205 $a1st edition 210 $aChichester, West Sussex $cJohn Wiley & Sons Inc.$d2013 210 1$aChichester, West Sussex :$cWiley,$d2013. 215 $a1 online resource (vii, 500 pages) $cillustrations 225 0 $aGale eBooks 300 $aIncludes index. 311 $a1-119-96879-8 327 $a1. Auditors, audits and other types of assurance and passing the exam first time -- 2. Taking on professional work and maintaining standards -- 3. Housekeeping : planning, materiality and documentation -- 4. The core of the audit -- 5. Corporate governance, professional liability, regulation and other current issues -- 6. Audit reporting -- 7. Fraud, money laundering, forensic accounting, financial instruments -- 8. The wider framework : assurance, other engagements, audit quality and quality control -- 9. Smaller entity audits, reviews, compilations, agreed-upon procedures engagements, not-for-profit engagements -- 10. Other assurance engagements. 330 $aAn accessible beginner's guide to the fundamentals of audit and assurance Audit and assurance is a basic and vital aspect of the financial world and a key element of all professional accountancy programs. Whereas professional training on the topic frequently immerses students in too much detail while glossing the basics, this book begins with the fundamentals and expands to cover the details in a more measured way. With practical examples and end-of-chapter examples, External Audit and Assurance Essentials breaks down a difficult and challenging field of professional ac 606 $aAuditing$vExaminations, questions, etc 606 $aAccounting$vExaminations, questions, etc 615 0$aAuditing 615 0$aAccounting 676 $a657.45 676 $a657/.45 700 $aBagshaw$b Katharine$01660238 801 0$bMiFhGG 801 1$bMiFhGG 906 $aBOOK 912 $a9910830885603321 996 $aAudit and assurance$94031633 997 $aUNINA